logo

Bir Sreshtho Munshi Abdur Rouf Library
Jhenaidah Cadet College

মধুসূদন রচনাবলী / (Record no. 10079)

MARC details
000 -LEADER
fixed length control field 00731nam a2200229 a 4500
001 - CONTROL NUMBER
JCCL Control Number 10079
003 - CONTROL NUMBER IDENTIFIER
JCCL marc code BD-JhCC
005 - DATE AND TIME OF LATEST TRANSACTION
control field 20180417091030.0
008 - FIXED-LENGTH DATA ELEMENTS--GENERAL INFORMATION
fixed length control field 180417s1973 ii |||| ||a| 000 0 ben d
035 ## - SYSTEM CONTROL NUMBER
system control number (BD-JhCC)10079
040 ## - CATALOGING SOURCE
Original cataloging agency BD-JhCC
Modifying agency BD-JhCC
041 ## - LANGUAGE CODE
Language code of Book ben
082 ## - DEWEY DECIMAL CLASSIFICATION NUMBER
Classification number 891.4409
Author mark and Year MOD 1973
245 ## - TITLE STATEMENT
Title মধুসূদন রচনাবলী /
Statement of responsibility, etc অজিতকুমার ঘোষ এবং মণি বাগচি
260 ## - PUBLICATION, DISTRIBUTION, ETC. (IMPRINT)
Place of publication, distribution, etc কলিকাতা :
Name of publisher, distributor, etc হরফ প্রকাশনী,
Date of publication, distribution, etc 1973
300 ## - PHYSICAL DESCRIPTION
Pagination 399 p. :
Dimensions 22 cm.
650 ## - SUBJECT ADDED ENTRY--TOPICAL TERM
Topical term or geographic name as entry element Collection of Works
700 ## - ADDED ENTRY--PERSONAL NAME
Personal name ঘোষ, অজিতকুমার
700 ## - ADDED ENTRY--PERSONAL NAME
Personal name বাগচি, মণি
942 ## - ADDED ENTRY ELEMENTS (KOHA)
Source of classification or shelving scheme Dewey Decimal Classification
Koha item type Books
Holdings
Source of classification or shelving scheme Damaged status Not for loan Home library Current library Shelving location Date of accession Cost, normal purchase price Total Checkouts Full call number Barcode Date last seen Copy number Koha item type
Dewey Decimal Classification     JCC Rouf Library JCC Rouf Library General Stacks 04/16/2018 20.00   891.4409 MOD 1973 12786 04/17/2018 C-1 Books

JCC Library | Contacts | JCC Home

Last Update on 23 September 2017
Copyright @ 2017-2020 JCC Rouf Library
Rouf Library, Jhenidah Cadet College (JCC), Bangladesh